| 000 | 00650nam a2200205Ia 4500 | ||
|---|---|---|---|
| 008 | 0000001999 mX a 0000000000spa00 | ||
| 020 | _a9685029179 | ||
| 090 | _aPSZ00 G25m | ||
| 100 | 1 |
_aGenerali, Manuela _d1948 |
|
| 245 | 1 | 0 |
_aManuela Generali _b: al filo |
| 300 |
_a48 p. _c/ 23 cm. |
||
| 500 | _aCon el patronazgo del maestro venezolano Jesús Rafael Soto (q.e.p.d.) \ | ||
| 600 | 0 | 0 |
_aGENERALI, MANUELA, 1948/ _xTRABAJOS PICTORICOS |
| 650 | 1 | 4 | _aARTE CONTEMPORANEO SUIZO |
| 650 | 1 | 4 | _xCATALOGOS |
| 650 | 1 | 4 | _xEXPOSICIONES |
| 650 | 1 | 4 | _aPINTORES SUIZOS |
| 650 | 1 | 4 | _aPINTURA SUIZA |
| 999 |
_c5136 _d5136 |
||
| 260 |
_aMéxico : Landucci _c1999 |
||